000 nam a22 a 4500
999 _c377897
_d377897
003 BLK
005 20220210164859.0
008 200311b bul|||||r ||||||| ||bul||
040 _aBLK
041 _aBUL
_cBUL
080 _aРуска литература
_b821.161.1
_x(092)
_z821.161.1
080 _aРуски писател и драматург
_b929 Чехов, Антон Павлович
_z929 Чехов, Антон Павлович
100 1 _aГерманов, Георги Димитров
_eПърви автор
_9421712
139 _aГерманов, Георги Димитров
245 1 0 _aАнтон Павлович Чехов
_bПо случай 100 г. от рождението му
_cГеорги Димитров Германов.
257 _aBGR
260 _aСофия
_bНС на ОФ
_c1959
300 _a40 с.
_c18 см
380 _a82
500 _aИзд. на Общонар. к-т за бълг.-съв. дружба. 10 000 тир.
600 1 4 _aЧехов, Антон Павлович
_9421713
650 4 _aЧехов, Антон Павлович
_9421713
852 _aЦб І 3897
_bЦб
942 _cKNG
_n0
_s1
944 _aCR
_c2020-07-30
_kМикаела Микова - Илиева
944 _aED
_c2022-02-10
_kКети
999 _d406238